000 01118 a2200217 4500
003 Nust
005 20221216094655.0
020 _a0-13-213603-1
040 _cNust
082 _a621.3822,RAB
100 1 _aRabiner, Lawrence R.,
_995469
245 0 0 _aDigital processing of speech signals /
_cLawrence R. Rabiner, Ronald W. Schafer
260 _aEnglewood Cliffs, N. J. :
_bPrentice-Hall,
_ccop. 1978
300 _a512 p. :
_bill.
440 0 _aPrentice-Hall signal processing series,
_9102988
505 _aIntroduction (Page-1), Fundamentals of Digital Speech Processing (Page-10), Digital Models for the Speech Signal (Page-38), Time Domain Models for Speech Processing (Page-116), Digital Representations of the Speech Waveform (Page-172), Short Time Fourier Analysis (Page-250), Homomorphic Speech Processing (Page-355) Linear Predictive Coding of Speech (Page-396), Digital Speech rocessing for Man Machine Communication by Voice (Page-462).
650 0 _aTelecommunication engineering
650 0 _aTelecommunication engineering
_9105033
700 1 _aSchafer, Ronald W.,
_d1938-
_983396
942 _2ddc
_cBK
999 _c193435
_d193435